Programming and data structures (Record no. 157822)

MARC details
000 -LEADER
fixed length control field 00371nam a2200145Ia 4500
008 - FIXED-LENGTH DATA ELEMENTS--GENERAL INFORMATION
fixed length control field 230917s9999||||xx |||||||||||||| ||und||
040 ## - CATALOGING SOURCE
-- 194050
Original cataloging agency VIVEKANANDA LIBRARY
041 ## - Language
-- English
082 ## - DDC NUMBER
Classification number 005.1 K129P
100 ## - MAIN ENTRY--PERSONAL NAME
Personal name Kamthane, Ashok N
245 #0 - TITLE STATEMENT
Title Programming and data structures
260 ## - PUBLICATION, DISTRIBUTION, ETC. (IMPRINT)
Place of publication, distribution, etc New Delhi
Name of publisher, distributor, etc Pearson Education
Date of publication, distribution, etc 2004
300 ## - PHYSICAL DESCRIPTION
Pages xii, 588 p.
942 ## - ADDED ENTRY ELEMENTS (KOHA)
Koha item type Books
Holdings
Withdrawn status Lost status Damaged status Not for loan Location (home branch) Sublocation or collection (holding branch) Shelving location Date acquired Koha issues (times borrowed) Koha full call number Accession No. Koha date last seen Koha item type
        VIVEKANANDA LIBRARY VIVEKANANDA LIBRARY UIET Library 18/11/2011   005.1 K129P 289110 17/09/2023 Books
        VIVEKANANDA LIBRARY VIVEKANANDA LIBRARY UIET Library 18/11/2011 1 005.1 K129P 289111 31/05/2024 Books
        VIVEKANANDA LIBRARY VIVEKANANDA LIBRARY UIET Library 18/11/2011   005.1 K129P 289112 17/09/2023 Books
        VIVEKANANDA LIBRARY VIVEKANANDA LIBRARY UIET Library 18/11/2011   005.1 K129P 289113 17/09/2023 Books
        VIVEKANANDA LIBRARY VIVEKANANDA LIBRARY UIET Library 18/11/2011   005.1 K129P 289114 17/09/2023 Books
        VIVEKANANDA LIBRARY VIVEKANANDA LIBRARY UIET Library 18/11/2011   005.1 K129P 289115 17/09/2023 Books
        VIVEKANANDA LIBRARY VIVEKANANDA LIBRARY UIET Library 18/11/2011   005.1 K129P 289116 17/09/2023 Books
        VIVEKANANDA LIBRARY VIVEKANANDA LIBRARY UIET Library 18/11/2011   005.1 K129P 289117 17/09/2023 Books
        VIVEKANANDA LIBRARY VIVEKANANDA LIBRARY UIET Library 18/11/2011   005.1 K129P 289118 17/09/2023 Books
        VIVEKANANDA LIBRARY VIVEKANANDA LIBRARY UIET Library 18/11/2011   005.1 K129P 289119 17/09/2023 Books
© Designed and Maintained by Vivekananda Library, MDU Rohtak